Avril Lavigne Singles Quiz Stats

Quiz not verified by Sporcle

Challenge
Share
Tweet
Embed
Score 0/18 Timer 06:00
1 Play Today
Album Song % Correct
The Best Damn ThingGirlfriend
94.5%
Let GoComplicated
93.1%
Let GoSk8er Boi
92.6%
Avril LavigneHere's to Never Growing Up
83.8%
Goodbye LullabySmile
79.6%
Avril LavigneRock n Roll
77.3%
Let GoI'm With You
74.2%
Under My SkinMy Happy Ending
73.8%
Goodbye LullabyWish You Were Here
68.4%
Album Song % Correct
The Best Damn ThingHot
68.4%
Under My SkinNobody's Home
66.7%
'Eragon' SoundtrackKeep Holding On
66.3%
The Best Damn ThingWhen You're Gone
66%
'Alice in Wonderland' SoundtrackAlice (Underground)
65.2%
Let GoLosing Grip
61.7%
Under My SkinDon't Tell Me
59.9%
Goodbye LullabyWhat the Hell
57.7%
Under My SkinFall to Pieces
36.3%

You're not logged in!

Compare scores with friends on all Sporcle quizzes.
Join for Free
OR
Log In

You Might Also Like...

Show Comments

Extras

Top Quizzes Today


Score Distribution

Your Account Isn't Verified!

In order to create a playlist on Sporcle, you need to verify the email address you used during registration. Go to your Sporcle Settings to finish the process.

Report this User

Report this user for behavior that violates our Community Guidelines.

Details: